[Event "Lippe Cup 01st"]
[Site "Lieme"]
[Date "2004.10.23"]
[Round "3"]
[White "Kaesemann, Holger"]
[Black "Thach, Michael"]
[Result "0-1"]
[WhiteElo "1612"]
[BlackElo "1438"]
[PlyCount "68"]
[EventDate "2004.10.22"]
[EventType "swiss"]
[EventRounds "5"]
[EventCountry "GER"]
[SourceTitle "EXT 2012"]
[Source "ChessBase"]
[SourceDate "2011.11.24"]
[SourceVersion "1"]
[SourceVersionDate "2011.11.24"]
[SourceQuality "1"]

1. Nf3 d6 2. g3 g6 3. Bg2 Bg7 4. c4 Nf6 5. Qc2 Bf5 6. d3 Nc6 7. a3 e5 8. e4 Bg4 9. h3 Bxf3 10. Bxf3 Nd4 11. Qd1 Nd7 12. Nd2 Nc5 13. Be2 0-0 14. b4 Nce6 15. Nb3 Nxb3 16. Qxb3 Nd4 17. Qb2 f5 18. Be3 f4 19. gxf4 Nxe2 20. Kxe2 exf4 21. Bd4 f3+ 22. Kd1 Bxd4 23. Qxd4 Qe7 24. Qd5+ Kh8 25. Qxb7 Qe5 26. Kc2 Qd4 27. Rhf1 Rac8 28. Qb5 c6 29. Qa4 d5 30. exd5 cxd5 31. c5 Rxc5+ 32. Kd2 Qb2+ 33. Ke3 d4+ 34. Ke4 Qe2+ 0-1